Normal view
MARC view
- MUHAMMAD AJMAL, MUHAMMAD ALI,MUHAMMAD ASIM, MUHAMMAD SAMI AHMAD
Entry Personal Name
001 - CONTROL NUMBER
- control field: 70993
003 - CONTROL NUMBER IDENTIFIER
- control field: NUST
005 - DATE AND TIME OF LATEST TRANSACTION
- control field: 20210628204558.0
008 - FIXED-LENGTH DATA ELEMENTS
- fixed length control field: 210628|| aca||aabn | a|a d
040 ## - CATALOGING SOURCE
- Original cataloging agency: NUST
- Transcribing agency: NUST
100 ## - HEADING--PERSONAL NAME
- Personal name: MUHAMMAD AJMAL, MUHAMMAD ALI,MUHAMMAD ASIM, MUHAMMAD SAMI AHMAD
670 ## - SOURCE DATA FOUND
- Source citation: Work cat.: (NUST): MUHAMMAD AJMAL, MUHAMMAD ALI,MUHAMMAD ASIM, MUHAMMAD SAMI AHMAD, PR-SOF-1401-JARVIS REMOTE ACCESS SOLUTION FOR PC AND ANDROID USING HTTP PROTOCOL
